000 01185nam a2200229Ia 4500
001 L320-23743
003 IT-CnALBA
008 170116s9999||||xx |||||||||||||| ||und||
040 _aIT-CnALBA
_cIT-CnALBA
041 _aITALIANO
100 _aPORTELLI HUGUES
245 0 _aGRAMSCI E LA QUESTIONE RELIGIOSA.
250 _a1a ed.
260 _aMILANO
_bMAZZOTTA GABRIELE, EDITORE
_c1976 [1° Ed.:1976 - Ed.Ling.Originale: 1974]
300 _a229 p.
500 _aTRADUZIONE DAL FRANCESE. RELIGIONE E IDEOLOGIA. CHIESA E APPARATI IDEOLOGICI. CRISTIANESIMO PRIMITIVO. CHIESA INTELLETTUALE ORGANICO DELLA FEUDALITA'. CRISI DEL BLOCCO CATTOLICO FEUDALE. IL FALLIMENTO DELLA RESTAURAZIONE. LA RICONCILIAZIONE. BLOCCO IDEOLO
501 _aSocietà San Paolo EM - Piazza San Paolo, 14 - 12051 ALBA (CN) (non commercial uses only) ® Copyright 2017
520 _aTRADUZIONE DAL FRANCESE. RELIGIONE E IDEOLOGIA. CHIESA E APPARATI IDEOLOGICI. CRISTIANESIMO PRIMITIVO. CHIESA INTELLETTUALE ORGANICO DELLA FEUDALITA'. CRISI DEL BLOCCO CATTOLICO FEUDALE. IL FALLIMENTO DELLA RESTAURAZIONE. LA RICONCILIAZIONE. BLOCCO IDEOLO
650 _aPOLITICA
942 _cBK
957 _71
999 _a28486
_bNO
_g Copie: 1
_c282843
_d282843